Old Woman Who Swallowed a Fly Quiz Stats

 Plays Quiz Updated Jan 25, 2019

Support Sporcle.
Go Orange.
Score 0/8 Timer 02:00
0 Plays Today
Answer % Correct
Cat
96.3%
Dog
95.8%
Fly
93.2%
Horse
88.8%
Cow
80.2%
Spider
77.5%
Bird
70%
Goat
51.4%

From the Vault

NFL 100 Yard Rushers (2008)

by djohnson87

Sports 7m
It's always fun when one guess can get you 10 answers on a quiz, you feel so smart.
Remove Ads.
Support Sporcle.
Get the best of Sporcle when you Go Orange. This ad-free experience offers more features, more stats, and more fun while also helping to support Sporcle. Thank you for becoming a member.

Show Comments

Extras

Top Quizzes Today


Score Distribution

Your Account Isn't Verified!

In order to create a playlist on Sporcle, you need to verify the email address you used during registration. Go to your Sporcle Settings to finish the process.

Report this User

Report this user for behavior that violates our Community Guidelines.

Details: